LEADER 01436oam 2200469 450 001 9910690061403321 005 20210811094442.0 035 $a(CKB)5470000002334648 035 $a(OCoLC)866569093 035 $a(EXLCZ)995470000002334648 100 $a20131222d1992 ua 0 101 0 $aeng 135 $aurbn||||a|a|| 181 $ctxt$2rdacontent 182 $cc$2rdamedia 183 $acr$2rdacarrier 200 10$a1990 census of population$iGeneral population characteristics$iMinnesota 210 1$aWashington, DC :$cU.S. Department of Commerce, Economics and Statistics Administration, Bureau of the Census,$d[1992] 215 $a1 online resource (1 volume (various pagings)) 300 $aAt head of title: 1990 CP-1-25. 300 $aChiefly tables. 517 3 $aGeneral population characteristics, Minnesota 606 $aPopulation$2fast 607 $aMinnesota$xPopulation$vStatistics 607 $aMinnesota$vCensus, 1990 607 $aMinnesota$2fast 608 $aCensus data.$2fast 608 $aStatistics.$2fast 608 $aStatistics.$2lcgft 615 7$aPopulation. 712 02$aUnited States.$bBureau of the Census, 801 0$bOCLCE 801 1$bOCLCE 801 2$bOCLCO 801 2$bOCLCF 801 2$bOCLCA 801 2$bOCL 801 2$bGPO 906 $aBOOK 912 $a9910690061403321 996 $a1990 census of population$93546590 997 $aUNINA LEADER 03806nam 22010455 450 001 9910495881903321 005 20211012033318.0 010 $a1-282-35566-X 010 $a0-520-90997-6 010 $a9786612355660 010 $a0-585-11211-8 024 7 $a10.1525/9780520909977 035 $a(CKB)111004366703118 035 $a(EBL)922896 035 $a(OCoLC)43476294 035 $a(SSID)ssj0000264881 035 $a(PQKBManifestationID)11192268 035 $a(PQKBTitleCode)TC0000264881 035 $a(PQKBWorkID)10290823 035 $a(PQKB)10086656 035 $a(SSID)ssj0000443784 035 $a(PQKBManifestationID)12192954 035 $a(PQKBTitleCode)TC0000443784 035 $a(PQKBWorkID)10456291 035 $a(PQKB)11229135 035 $a(MiAaPQ)EBC922896 035 $a(MdBmJHUP)muse30481 035 $a(DE-B1597)520926 035 $a(DE-B1597)9780520909977 035 $a(EXLCZ)99111004366703118 100 $a20200424h19881988 fg 0 101 0 $aeng 135 $aurnn#---|u||u 181 $ctxt 182 $cc 183 $acr 200 10$aUnequal Alliance $eThe World Bank, the International Monetary Fund and the Philippines /$fRobin Broad 210 1$aBerkeley, CA :$cUniversity of California Press,$d[1988] 210 4$dİ1988 215 $a1 online resource (385 p.) 225 0 $aStudies in International Political Economy ;$v19 300 $aIncludes index. 311 0 $a0-520-05905-0 311 0 $a0-520-06953-6 320 $aBibliography: p. 239-337. 327 $tFront matter --$tContents --$tList of Tables --$tList of Figures --$tList of Abbreviations --$tPreface --$tAcknowledgments --$t1. Introduction --$t2. Searching for a Role: The Early Years --$t3. Maturation: Bank and Fund Centerstage --$t4. Negotiating Adjustment: The Industrial Sector --$t5. Adjustment in Action --$t6. Slicing the Economic Pie --$t7. Industrialization and the Financial Sector --$t8. Reshaping the Philippines' Political Economy --$t9. Export-Oriented Industrialization: An Assessment --$t10. Things Fall Apart: The Rise of Debt, the Fall of Marcos, and the Opportunity for Change --$tNotes --$tList of Persons Interviewed --$tIndex 330 $aIn this seminal work, U.S. development specialist Robin Broad chronicles the Philippine experiment with the structural adjustment model of development espoused by the World Bank and the International Monetary Fund. 410 0$aStudies in international political economy ;$vvolume 19. 606 $aSOCIAL SCIENCE / Sociology / General$2bisacsh 607 $aPhilippines$xEconomic policy 610 $aalliance. 610 $aallies. 610 $abanking. 610 $abanks. 610 $adivision of labor. 610 $aeconomics. 610 $aeconomy. 610 $afinance. 610 $afinancial sector. 610 $aglobal market. 610 $aglobal politics. 610 $agovernment. 610 $aindustrial world. 610 $aindustrial. 610 $ainternational. 610 $alabor. 610 $alaws. 610 $alegal issues. 610 $alegislation. 610 $amonetary. 610 $amoney. 610 $aphilippines. 610 $apolitical economy. 610 $apolitical. 610 $apolitics. 610 $areform. 610 $areformation. 610 $atariff. 610 $atransnationalist. 610 $aworld bank. 610 $aworld politics. 615 7$aSOCIAL SCIENCE / Sociology / General. 676 $a332.1/52 700 $aBroad$b Robin$4aut$4http://id.loc.gov/vocabulary/relators/aut$01230662 801 0$bDE-B1597 801 1$bDE-B1597 906 $aBOOK 912 $a9910495881903321 996 $aUnequal Alliance$92857283 997 $aUNINA